00802nam a2200217Ia 4500003000900000008004100009040001600050080001900066245011500085260004800200300001000248650003600258650003700294650004900331700003000380700003000410700002700440942000700467999001500474952009500489IN-BaIIA211028s9999 xx 000 0 eng d cIIA Library a(05)52bANN-12 0aAnnual review of astronomy and astrophysicsbvol. 12cedited by Leo Goldberg, David Layzer and John G. Philips aPalo Alto, CaliforniabAnnual Reviewsc1974 a495p. a Astronomy-Periodicals 98276 a Astrophysics-Periodicals98277 aAstronomy and astrophysics thesaurus 91143 aGoldberg, Leo., ed.94090 aLayzer, David., ed.94091 aPhilips, G., ed.97200 cBK c4671d4671 00104070aBANbBANcGENd1975-02-11l0o(05)52/ ANN-12p5212r2021-11-05w1975-02-11yBK